000 00415nam a2200169 a 4500
001 0000-9158
003 ELIB.Books
008 110520 1918
035 _a(ELIB.Books)0000-9310
082 _a242
_bGra
100 _aGraham, Billy
245 _aUnto the Hills
260 _bDallas: Word Publishing
_c1918
650 _aDevotional Theology
942 _2ddc
_cBK
998 _cbat
_e2011-05-20
999 _c9158
_d9158